Uplatňovanie didaktických zásad vo výučbe účtovníctva na vysokej škole
Charakteristika didaktiky účtovníctva. Uplatňovanie didaktických zásad vo výučbe predmetu Účtovníctvo rozpočtových organizácií, príspevkových organizácií a obcí. Zásada aktivity a uvedomelosti. Zásada spájania teórie s praxou. Zásada názornosti.
Guardado en:
| Autor principal: | |
|---|---|
| Formato: | Capítulo de libro |
| Lenguaje: | eslovaco |
| Materias: | |
| Etiquetas: |
Sin Etiquetas, Sea el primero en etiquetar este registro!
|
MARC
| LEADER | 00000naa$a2200000$$$4500 | ||
|---|---|---|---|
| 001 | 0057497 | ||
| 005 | 20240502071640.9 | ||
| 041 | 0 | |a slo | |
| 044 | |a SK | ||
| 245 | 1 | 0 | |a Uplatňovanie didaktických zásad vo výučbe účtovníctva na vysokej škole |c Marianna Kicová |
| 520 | |a Charakteristika didaktiky účtovníctva. Uplatňovanie didaktických zásad vo výučbe predmetu Účtovníctvo rozpočtových organizácií, príspevkových organizácií a obcí. Zásada aktivity a uvedomelosti. Zásada spájania teórie s praxou. Zásada názornosti. | ||
| 610 | 2 | 0 | |a účtovníctvo |
| 610 | 2 | 0 | |a didaktika |
| 610 | 2 | 0 | |a školy vysoké |
| 610 | 2 | 0 | |a študenti |
| 100 | 1 | |a Kicová, Marianna | |